000 00348pab a2200145 454500
008 180718b2005 xxu||||| |||| 00| 0 eng d
100 _aSen, Arup Kumar
245 _aThe left front and the spectre of globalisation
260 _c2005
300 _ap.11.
362 _a17 Sep
650 _aGlobalization
773 _aMainstream
909 _a66908
999 _c66908
_d66908